000 00469nam a2200169Ia 4500
003 GCL
008 140319s9999 xx 000 0 eng d
040 _aGCL /
_cGCL
082 0 4 _a612
_bG T
100 1 _aGUYTON, ARTHUR C.
245 1 0 _aTEXTBOOK OF MEDICAL PHYSIOLOGYM, 8TH ED /
_cGUYTON, ARTHUR C.
260 _a[S.N] :
_bW.B. SAUNDERS COMPANY ،
_c1991
300 _a1014 P
650 0 4 _aHUMAN PHYSIOLOGY
650 0 4 _aPHYSIOLOGY - PATHOLOGICAL
942 _2ddc
_cBK
999 _c20976
_d20976